000 00937cam a2200241 a 4500
005 20211111074909.0
008 130821s2003 ck gr 00011 spa d
020 _a9586702464
035 _aAHR0826 LA
040 _aCO-BoUCM
_cSandra Palacio (modificó)
_bspa
_dSandra Palacio
041 0 _aspa
245 0 0 _aCuentos sin cuenta
_bantología de relatos de escritores de la generación del 50
_cFabio Martínez compilador
260 _aCali (Valle del Cauca, Colombia)
_bUniversidad del Valle
_c2003
300 _a459 páginas
490 0 _aColección artes y humanidades
504 _aIncluye referencias bibliográficas
650 1 7 _aCuentos colombianos
_vColecciones
_984428
650 2 7 _aVida cotidiana
_vCuentos
_947319
690 _aLiteratura colombiana
_918629
700 1 _aMartínez, Fabio
_d1955-
_ecompilador
_9160359
942 _2DEWEY
_a18
_cLIBRO
_e1
_h863.4408
_kC
_mC965cu
_n0
999 _c54172
_d54172